Statistics for 100 most common surnames in Germany

Click here to take the quiz!

General Stats

  • This quiz has been taken 25 times
  • The average score is 21 of 100

Answer Stats

Answer% Correct
Müller
65%
Schmid
65%
Braun
50%
Schmidt
45%
Groß
45%
Weiß
45%
Stein
40%
Werner
40%
Schneider
40%
Meyer
40%
Mayer
40%
Beck
35%
Bauer
35%
Klein
35%
Kaiser
35%
Herrmann
35%
König
30%
Hahn
30%
Schmitt
30%
Jung
30%
Schwarz
30%
Busch
30%
Becker
30%
Wolf
30%
Schulz
30%
Hoffmann
30%
Peters
25%
Wagner
25%
Brandt
25%
Köhler
25%
Fischer
25%
Thomas
25%
Meier
25%
Jäger
25%
Richter
25%
Frank
25%
Hofmann
25%
Otto
20%
Schubert
20%
Schumacher
20%
Keller
20%
Krämer
20%
Martin
20%
Berger
20%
Kraus
20%
Möller
20%
Hartmann
20%
Weber
20%
Schäfer
20%
Bergmann
20%
Krüger
20%
Lange
20%
Dietrich
20%
Schulte
20%
Winter
20%
Heinrich
20%
Lang
20%
Kuhn
15%
Sommer
15%
Vogt
15%
Kühn
15%
Schreiber
15%
Graf
15%
Vogel
15%
Simon
15%
Roth
15%
Schröder
15%
Zimmermann
15%
Lehman
15%
Walter
15%
Günther
15%
Maier
15%
Franke
15%
Baumann
15%
Schuster
15%
Pfeiffer
10%
Schmitz
10%
Voigt
10%
Koch
10%
Böhm
10%
Neumann
10%
Engel
10%
Ziegler
10%
Schulze
10%
Haas
10%
Friedrich
10%
Fuchs
5%
Wolff
5%
Arnold
5%
Sauer
5%
Scholz
5%
Horn
5%
Seidel
5%
Albrecht
5%
Huber
5%
Pohl
5%
Ludwig
5%
Winkler
5%
Krause
5%
Lorenz
5%

Score Distribution

Percentile by Number Answered

Percent of People with Each Score

Your Score History

You have not taken this quiz